000 00340nam a22001457a 4500
008 210312b ||||| |||| 00| 0 eng d
020 _a9780390945594
041 _aeng
080 _a338
082 _a338
100 _a53
101 _aMEN
245 _aManagement 495 Competitive International Strategy
_cRagozzino,R
942 _2udc
_cBK
999 _c56529
_d56529